[Event "4th Open C Women"]
[Site "Moscow RUS"]
[Date "2008.02.02"]
[Round "1"]
[White "Gunina,V"]
[Black "Grigoryeva,O2"]
[Result "1-0"]
[WhiteElo "2295"]
[BlackElo "1955"]

1.d4 d5 2.c4 Nc6 3.Nc3 dxc4 4.e3 e6 5.Bxc4 Nf6 6.Nf3 Be7 7.O-O O-O 8.e4 Na5
9.Bd3 c5 10.dxc5 Bxc5 11.e5 Nd5 12.Bxh7+ Kxh7 13.Ng5+ Qxg5 14.Bxg5  1-0

[Event "FSGM February"]
[Site "Budapest HUN"]
[Date "2008.02.04"]
[Round "3"]
[White "Kosic,D"]
[Black "Porat,I"]
[Result "1-0"]
[WhiteElo "2511"]
[BlackElo "2272"]

1.d4 d5 2.c4 Nc6 3.cxd5 Qxd5 4.e3 e5 5.Nc3 Bb4 6.Bd2 Bxc3 7.Bxc3 exd4 8.Ne2 Nf6
9.Nxd4 O-O 10.Nxc6 Qxc6 11.Rc1 Bg4 12.f3 Bf5 13.Bd4 Qd6 14.Bc4 Qb4+ 15.Qd2 Qd6
16.Qc3 b6 17.b4 a5 18.b5 Rfd8 19.O-O Ne8 20.a4 Qb4 21.Qa1 Qe7 22.Rf2 Rd7
23.h3 Rad8 24.Qc3 h6 25.Kh2 Be6 26.Bf1 Qd6+ 27.f4 Qd5 28.g4 Qb3 29.f5 Qxc3
30.Rxc3 Bd5 31.Rfc2 Be4 32.Rc1 f6 33.Kg3 Re7 34.Kf4 Rdd7 35.Bc4+ Bd5 36.Bd3 Nd6
37.R1c2 Nf7 38.Bc4 Be4 39.Rc1 g5+ 40.Kg3 Kf8 41.Bxf6 Re8 42.Be6 Rd2 43.Rg1 c5
44.bxc6 Nd6 45.Be5 Nf7 46.Bd4 h5 47.gxh5 Nh6 48.Be5 Nxf5+ 49.Bxf5 Bxf5 50.Rf1 Rxe5
51.Rxf5+ Rxf5 52.c7  1-0

[Event "4th Open C Women"]
[Site "Moscow RUS"]
[Date "2008.02.04"]
[Round "3"]
[White "Kiseljova,M"]
[Black "Grigoryeva,O2"]
[Result "1/2-1/2"]
[WhiteElo "2129"]
[BlackElo "1955"]

1.d4 d5 2.c4 Nc6 3.Nf3 Bg4 4.e3 e5 5.Qb3 Bxf3 6.gxf3 exd4 7.cxd5 Nb4 8.e4 a5
9.a3 a4 10.Bb5+ c6 11.Bxa4 Nc2+ 12.Qxc2 Qa5+ 13.Nd2 Qxa4 14.Qxa4 Rxa4 15.dxc6 bxc6
16.b3 Ra8 17.Bb2 Nf6 18.Nc4 c5 19.Bc1 Be7 20.Rg1 g6 21.Bh6 Nd7 22.O-O-O Rb8
23.Kc2 Nb6 24.Bf4 Rb7 25.Nd6+ Bxd6 26.Bxd6 Nd7 27.Rg5 f5 28.exf5 Rb6 29.Re1+ Kd8
30.Be7+ Kc7 31.fxg6 Rxg6 32.Rxg6 hxg6 33.h4 Ra8 34.a4 c4 35.bxc4 Rxa4 36.Kd3 Ra2
37.Kxd4 Rxf2 38.Re3 Rd2+ 39.Ke4 Rc2 40.Kd3 Rf2 41.c5 Rf1 42.Kd4 Rd1+ 43.Rd3 Re1
44.Bg5 Kc6 45.Re3 Rd1+ 46.Rd3 Rxd3+ 47.Kxd3 Kxc5 48.Ke4 Kd6 49.Kf4 Ke6 50.Bd8 Kf7
51.Ba5 Nc5 52.Ke5 Ne6 53.Bb6 Ng7 54.Kf4 Ne6+ 55.Kg4 Kf6 56.Be3 Kf7 57.h5 gxh5+
58.Kxh5 Kf6  1/2-1/2

[Event "4th Open C Women"]
[Site "Moscow RUS"]
[Date "2008.02.08"]
[Round "7"]
[White "Iljushina,O"]
[Black "Vasilevich,I"]
[Result "0-1"]
[WhiteElo "2268"]
[BlackElo "2378"]

1.d4 d5 2.c4 Nc6 3.Nf3 Bg4 4.cxd5 Bxf3 5.dxc6 Bxc6 6.Nc3 e6 7.e4 Bb4 8.f3 Qh4+
9.g3 Qh5 10.Be2 O-O-O 11.Be3 f5 12.O-O Nf6 13.e5 Bxc3 14.bxc3 Nd5 15.Bd2 f4
16.g4 Qh3 17.Rf2 h5 18.gxh5 Rxh5 19.Qf1 Qf5 20.Bd3 Qf7 21.Be4 Rdh8 22.Rg2 g5
23.Rb1 Rh3 24.Qf2 Qh5 25.c4 Ne3 26.Bxe3 Bxe4 27.fxe4 Rxe3 28.Re1 Rxe1+ 29.Qxe1 f3
30.Rb2 Qg4+ 31.Kh1 Qf4 32.c5 g4 33.Kg1 Rh3 34.c6 bxc6 35.d5 g3 36.Qf1 f2+  0-1

[Event "KNSB TCh-NED 2007-8"]
[Site "Netherlands NED"]
[Date "2008.02.09"]
[Round "6"]
[White "Van Wessel,R"]
[Black "Zaragatski,I"]
[Result "1-0"]
[WhiteElo "2326"]
[BlackElo "2469"]

1.d4 d5 2.c4 Nc6 3.Nf3 e5 4.dxe5 Bb4+ 5.Bd2 dxc4 6.Qa4 Qe7 7.e3 Bd7 8.Bxc4 Bxd2+
9.Nbxd2 Nxe5 10.Qa5 Nxc4 11.Nxc4 b6 12.Qd5 Rb8 13.O-O Nf6 14.Qe5 Be6 15.Rfc1 Bxc4
16.Rxc4 Qxe5 17.Nxe5 c5 18.a3 O-O 19.b4 cxb4 20.axb4 a5 21.Nc6 Ra8 22.bxa5 bxa5
23.Rca4 g6 24.Rxa5 Rxa5 25.Rxa5 Kg7 26.g3 Rc8 27.Ne5 Rc7 28.Kg2 Nd7 29.Nf3 Nc5
30.g4 Ne6 31.h4 h6 32.Kg3 Kf6 33.h5 Nc5 34.Nd2 Kg7 35.hxg6 Kxg6 36.f4 Kg7
37.Kf3 Ne6 38.Ne4 Rb7 39.Ng3 Rb3 40.Rh5  1-0

[Event "TCh-BEL 2007-8"]
[Site "Belgium BEL"]
[Date "2008.02.10"]
[Round "8"]
[White "Hovhanisian,M"]
[Black "Verduyn,F"]
[Result "0-1"]
[WhiteElo "2444"]
[BlackElo "2219"]

1.d4 d5 2.c4 Nc6 3.e3 e5 4.cxd5 Qxd5 5.Nc3 Qd8 6.d5 Nb8 7.e4 Bd6 8.Nf3 a6
9.g3 Nf6 10.Bg2 O-O 11.Nh4 b5 12.O-O Re8 13.h3 b4 14.Na4 c6 15.Be3 cxd5 16.exd5 a5
17.Nb6 Ra6 18.Nxc8 Qxc8 19.Rc1 Qd8 20.Re1 Bf8 21.Nf5 g6 22.Nh6+ Kg7 23.Bg5 Qd6
24.f4 Nfd7 25.Ng4 Qb6+ 26.Kh2 f6 27.Bh6+ Kg8 28.Rc6 Qb7 29.Re6 Qc8 30.fxe5 f5
31.Rxe8 Qxe8 32.Bxf8 Kxf8 33.Nf2 Nc5 34.Qc1 Ncd7 35.Nd3 Kg7 36.d6 Nf8 37.Qc7+ Kg8
38.Nc5  0-1

[Event "Velammal 45th National A ch-IND"]
[Site "Chennai IND"]
[Date "2008.02.12"]
[Round "10"]
[White "Babu,NS"]
[Black "Saptarshi,R"]
[Result "1/2-1/2"]
[WhiteElo "2333"]
[BlackElo "2404"]

1.d4 d5 2.c4 Nc6 3.a3 dxc4 4.d5 Na5 5.Qa4+ c6 6.dxc6 Nxc6 7.Qxc4 Be6 8.Qa4 Qd4
9.Qc2 Qb6 10.Be3 Qa5+ 11.Nd2 Nf6 12.Nf3 Rc8 13.Qc5 Qa4 14.Nd4 b6 15.Qc2 Qxc2
16.Nxc2 g6 17.Bd4 Nxd4 18.Nxd4 Bd7 19.e3 Bg7 20.Bb5 Bxb5 21.Nxb5 Nd5 22.Rb1 Bxb2
23.Nxa7 Rc7 24.O-O Bg7 25.Nb5 Rc2 26.Nf3 O-O 27.Rfc1 Rfc8 28.Rxc2 Rxc2 29.g3 Ra2
30.Rd1 e6 31.Rd2 Ra1+ 32.Kg2 Bf8 33.Rd3 Rb1 34.Nfd4 Rb2 35.Rb3 Ra2 36.Nc6 Bc5
37.Kg1 Nf6 38.Nb4 Rd2 39.Nd3 Ne4 40.a4 h5 41.h4 Kg7 42.Na3 Ra2 43.Nc4 Rxa4
44.Nxb6 Bxb6 45.Rxb6 Ra3  1/2-1/2

[Event "Festival des Jeux"]
[Site "Cannes FRA"]
[Date "2008.02.15"]
[Round "7"]
[White "Bujisho,B"]
[Black "Miladinovic,I"]
[Result "1/2-1/2"]
[WhiteElo "2387"]
[BlackElo "2604"]

1.d4 d5 2.c4 Nc6 3.cxd5 Qxd5 4.e3 e5 5.Nc3 Bb4 6.Bd2 Qd7 7.d5 Nce7 8.Bb5 c6
9.dxc6 bxc6 10.Bc4 Nf6 11.Nf3 Ng6 12.O-O Rb8 13.h3 O-O 14.a3 Bd6 15.Qc2 Qe7
16.e4 h6 17.Ne2 Nh5 18.Ng3 Nhf4 19.Nf5 Bxf5 20.exf5 Nh4 21.Nxh4 Qxh4 22.Rfd1 Bc7
23.Bf1 Bb6 24.Be1 e4 25.Kh2 Nh5 26.g3 Qe7 27.Bb4 c5 28.Bc3 Rfe8 29.Bb5 Red8
30.Rxd8+ Bxd8 31.Bc4 Bc7 32.Re1 Nf6 33.Bxf6 Qxf6 34.b3 h5 35.h4 Qxh4+ 36.Kg2 Qf6
37.Rxe4 Kf8 38.Qd3 Rd8 39.Qf3 g6 40.fxg6 Qxf3+ 41.Kxf3 Kg8 42.Re1 Bxg3 43.fxg3 Rb8
44.Re3 Rd8 45.Kg2 Rb8 46.Kh2 Re8 47.Bf1 Ra8  1/2-1/2

[Event "10th TCh-Euro sen"]
[Site "Dresden GER"]
[Date "2008.02.15"]
[Round "5"]
[White "Stull,N"]
[Black "Jorgensen,J"]
[Result "1/2-1/2"]
[WhiteElo "2184"]
[BlackElo "2262"]

1.d4 d5 2.c4 Nc6 3.Nf3 Bg4 4.Nc3 e6 5.Bf4 dxc4 6.e3 Bd6 7.Bxd6 cxd6 8.Bxc4 d5
9.Be2 Nge7 10.O-O O-O 11.Nd2 Bxe2 12.Qxe2 Nf5 13.Rfc1 Nd6  1/2-1/2

[Event "2nd Int Open Congress"]
[Site "Brentwood ENG"]
[Date "2008.02.16"]
[Round "2"]
[White "Eames,R"]
[Black "Wallis,I"]
[Result "1-0"]
[WhiteElo "2294"]
[BlackElo "1952"]

1.d4 d5 2.c4 Nc6 3.cxd5 Qxd5 4.e3 e5 5.Nc3 Bb4 6.Bd2 Bxc3 7.bxc3 Nf6 8.f3 O-O
9.Qb3 Qd6 10.Bd3 Re8 11.Ne2 e4 12.fxe4 Nxe4 13.Bxe4 Rxe4 14.O-O Re7 15.c4 Bg4
16.Nc3 Nxd4 17.exd4 Qxd4+ 18.Rf2 Rae8 19.Rf1 Be2 20.Nxe2 Rxe2 21.Qc3 Qc5
22.Qb4 Qd4 23.c5 Qd5 24.Qb3  1-0

[Event "10th TCh-Euro sen"]
[Site "Dresden GER"]
[Date "2008.02.16"]
[Round "6"]
[White "Rodriguez,Ores"]
[Black "Haubt,G"]
[Result "1-0"]
[WhiteElo "2428"]
[BlackElo "2236"]

1.d4 d5 2.c4 Nc6 3.Nc3 dxc4 4.Nf3 a6 5.e4 Bg4 6.d5 Ne5 7.Bf4 Ng6 8.Bg3 e5
9.dxe6 Bxe6 10.Qc2 Bc5 11.h4 Nf6 12.h5 Ne7 13.h6 Ng6 14.hxg7 Rg8 15.e5 Ng4
16.Qe4 Qe7 17.Qxb7 Rd8 18.Qc6+ Rd7 19.Be2 Rxg7 20.Rd1 Bb6 21.O-O Qc5 22.Qa8+ Ke7
23.Rxd7+ Bxd7 24.Nd5+ Ke6 25.Ng5+ Kf5 26.Ne4 Qc6 27.Ne3+ Bxe3 28.fxe3+ Ke6
29.Bxg4+ Ke7 30.Qxc6 Bxc6 31.Bf3  1-0

[Event "10th TCh-Euro sen"]
[Site "Dresden GER"]
[Date "2008.02.16"]
[Round "6"]
[White "Pushkov,N"]
[Black "Jorgensen,J"]
[Result "1-0"]
[WhiteElo "2513"]
[BlackElo "2262"]

1.d4 d5 2.c4 Nc6 3.cxd5 Qxd5 4.e3 e5 5.Nc3 Bb4 6.Bd2 Bxc3 7.bxc3 Qd6 8.Qb3 Nge7
9.Bd3 O-O 10.Nf3 b6 11.O-O Bb7 12.Qc2 f5 13.e4 h6 14.exf5 exd4 15.Rfe1 Qc5
16.Qb3+ Kh8 17.cxd4 Qd5 18.Qxd5 Nxd5 19.Rac1 Rad8 20.Re3 Ncb4 21.Bb1 Bc8
22.Re5 c5 23.dxc5 Nc6 24.Ree1 bxc5 25.Rxc5 Nce7 26.g4  1-0

[Event "XXIV Open"]
[Site "Cappelle La Grande FRA"]
[Date "2008.02.17"]
[Round "2"]
[White "Kharitonov,Alexandr"]
[Black "Clery,N"]
[Result "1/2-1/2"]
[WhiteElo "2524"]
[BlackElo "2390"]

1.d4 d5 2.c4 Nc6 3.Nc3 dxc4 4.Nf3 Nf6 5.Bg5 h6 6.Bxf6 exf6 7.e3 Bd6 8.Bxc4 Bg4
9.h3 Bh5 10.g4 Bg6 11.Nh4 Bh7 12.Nf5 O-O 13.Qf3 Bb4 14.O-O Ne7 15.Ne4 Bxf5
16.gxf5 Qd7 17.a3 Bd6 18.Nxd6 cxd6 19.Bd3 g6 20.Kh2 Nxf5 21.Bxf5 gxf5 22.Rac1 Kh7
23.Rc4 Rac8 24.Rfc1 Rxc4 25.Rxc4 Rg8 26.d5 Rg5 27.h4 Rg6 28.Rf4 Qb5 29.b4 Qf1
30.Rxf5 Qg1+ 31.Kh3 Qf1+  1/2-1/2

[Event "XXIV Open"]
[Site "Cappelle La Grande FRA"]
[Date "2008.02.18"]
[Round "4"]
[White "Erdos,V"]
[Black "Cappon,J"]
[Result "1-0"]
[WhiteElo "2575"]
[BlackElo "2215"]

1.d4 d5 2.c4 Nc6 3.Nf3 Bg4 4.Nc3 e6 5.cxd5 exd5 6.Bf4 Bb4 7.e3 Nge7 8.Rc1 O-O
9.h3 Bf5 10.Be2 Bd6 11.Bxd6 Qxd6 12.a3 a6 13.Na4 b6 14.O-O Rfc8 15.b4 Nd8
16.Qb3 Bd7 17.Rfd1 Ne6 18.Nc3 c6 19.Bf1 Be8 20.g3 Rd8 21.Bg2 f5 22.Rd2 Ng6
23.a4 b5 24.Qb1 Bd7 25.Qb3 Kh8 26.h4 h5 27.Ra2 Rab8 28.axb5 axb5 29.Rca1 Rf8
30.Ne2 Nd8 31.Nc1 Nf7 32.Nd3 f4 33.exf4 Bf5 34.Nde5 Ngxe5 35.dxe5 Qg6 36.Nd4 Nd8
37.Ra6 Be4 38.Bxe4 Qxe4 39.Qe3 Qg6 40.Rc1  1-0

[Event "6th Festival Gp A"]
[Site "Nancy FRA"]
[Date "2008.02.18"]
[Round "1"]
[White "Bauer,Ch"]
[Black "Miladinovic,I"]
[Result "1/2-1/2"]
[WhiteElo "2614"]
[BlackElo "2604"]

1.d4 d5 2.c4 Nc6 3.cxd5 Qxd5 4.Nf3 e5 5.Nc3 Bb4 6.Bd2 Bxc3 7.Bxc3 e4 8.Nd2 e3
9.fxe3 Nf6 10.e4 Nxe4 11.Nxe4 Qxe4 12.d5 Ne7 13.Bxg7 Rg8 14.Qd4 Qxd5 15.Qxd5 Nxd5
16.Be5 Ne3 17.Rc1 c6 18.g3 Be6  1/2-1/2

[Event "Aeroflot Open"]
[Site "Moscow RUS"]
[Date "2008.02.19"]
[Round "6"]
[White "Pashikian,A"]
[Black "Cherniaev,A1"]
[Result "1/2-1/2"]
[WhiteElo "2556"]
[BlackElo "2491"]

1.d4 d5 2.c4 Nc6 3.Nf3 Bg4 4.Nc3 e6 5.Qa4 Bxf3 6.gxf3 Ne7 7.e3 g6 8.Bd2 Bg7
9.f4 O-O 10.Bg2 Qd7 11.f5 a6 12.fxe6 fxe6 13.O-O Kh8 14.f4 Rad8 15.b4 dxc4
16.Rad1 Nd5 17.b5 Nxc3 18.Bxc3 Ne7 19.Qxc4 axb5 20.Qb3 Nd5 21.Bd2 Ra8 22.e4 Nb6
23.Bb4 Rfe8 24.f5 gxf5 25.exf5 exf5 26.Bxb7 Rab8 27.Qf3 Re6 28.Kh1 c6 29.d5 Nxd5
30.Bxc6 Rg6 31.Bb7 Re6 32.Bc6  1/2-1/2

[Event "24th Open"]
[Site "Bad Woerishofen GER"]
[Date "2008.03.01"]
[Round "3"]
[White "Ballon,G"]
[Black "Mack,T"]
[Result "1-0"]
[WhiteElo "2159"]
[BlackElo "1995"]

1.d4 d5 2.c4 Nc6 3.Nf3 Bg4 4.cxd5 Bxf3 5.dxc6 Bxc6 6.Nc3 Nf6 7.e3 Qd7 8.Qb3 e6
9.Bb5 Bd6 10.O-O Ng4 11.h3 h5 12.Bxc6 Qxc6 13.e4 Bh2+ 14.Kh1 O-O-O 15.Be3 e5
16.d5 Qf6 17.Nb5 Qh4 18.Nxa7+ Kd7 19.Qxb7  1-0

[Event "40th WGM"]
[Site "Belgrade SCG"]
[Date "2008.03.05"]
[Round "3"]
[White "Foisor,C"]
[Black "Stojanovic,An"]
[Result "1-0"]
[WhiteElo "2412"]
[BlackElo "2310"]

1.d4 d5 2.c4 Nc6 3.cxd5 Qxd5 4.e3 e5 5.Nc3 Bb4 6.Bd2 Bxc3 7.bxc3 Nf6 8.Qb3 Qxb3
9.axb3 Ne4 10.Nf3 Nxd2 11.Kxd2 e4 12.Ng5 Bf5 13.Bc4 O-O 14.Bd5 Rae8 15.Bxc6 bxc6
16.Ra5 f6 17.Rxf5 fxg5 18.Rxf8+ Rxf8 19.Ke2 Rb8 20.Rb1 g4 21.c4 a5 22.Kd2 Kf7
23.Ra1 Rxb3 24.Kc2 Rb4 25.Kc3 Kf6 26.Rxa5 Rb1 27.Ra6 Rc1+ 28.Kb4 Rg1 29.Rxc6+ Kf5
30.g3 Rb1+ 31.Kc3 Rh1 32.Rxc7 Rxh2 33.Rxg7 h5 34.Rf7+ Ke6 35.Rf4 Kd6 36.c5+ Kd5
37.Rf6  1-0

[Event "24th Open"]
[Site "Bad Woerishofen GER"]
[Date "2008.03.07"]
[Round "9"]
[White "Georgiev,Vl"]
[Black "Karpatchev,A"]
[Result "1-0"]
[WhiteElo "2581"]
[BlackElo "2484"]

1.d4 d5 2.c4 Nc6 3.Nf3 Bg4 4.Nc3 e6 5.cxd5 exd5 6.Bf4 Bxf3 7.gxf3 Bd6 8.Qd2 Bxf4
9.Qxf4 Nf6 10.Rg1 g6 11.O-O-O O-O 12.e4 a6 13.Rg5 dxe4 14.d5 Nb8 15.fxe4 Nbd7
16.e5 Ne8 17.Rg3 Qe7 18.Re3 f6 19.d6  1-0

[Event "Lendas do Xadrez"]
[Site "Rio de Janeiro BRA"]
[Date "2008.03.08"]
[Round "7"]
[White "Perdomo,L"]
[Black "Fontes,C1"]
[Result "1-0"]
[WhiteElo "2354"]
[BlackElo "2232"]

1.d4 d5 2.c4 Nc6 3.Nc3 dxc4 4.d5 Ne5 5.f4 Ng6 6.e4 e6 7.dxe6 Qxd1+ 8.Kxd1 fxe6
9.Bxc4 Bd7 10.Nf3 Be7 11.Kc2 c6 12.e5 Nh6 13.a4 O-O-O 14.Ne4 Nf7 15.Be3 Kb8
16.g3 Bb4 17.Bc5 Ba5 18.h4 Rhe8 19.Nfg5 Nxg5 20.hxg5 Rh8 21.Rad1 Bc7 22.Rh2 b6
23.Bd6 c5 24.b3 Kb7 25.Bxc7 Kxc7 26.Nd6 Rdf8 27.Bb5 Ne7 28.Bxd7 Nd5 29.Bxe6  1-0

[Event "FSGM March"]
[Site "Budapest HUN"]
[Date "2008.03.09"]
[Round "8"]
[White "Fodor,T jr"]
[Black "Porat,I"]
[Result "1/2-1/2"]
[WhiteElo "2407"]
[BlackElo "2272"]

1.d4 d5 2.c4 Nc6 3.Nc3 dxc4 4.Nf3 Nf6 5.e3 e5 6.d5 Ne7 7.Bxc4 Ng6 8.Qa4+ Nd7
9.h4 Bd6 10.Qc2 h6 11.Bd2 a6 12.Ne4 b5 13.Bb3 Bb7 14.Rd1 Nf6 15.Bc3 Nxe4
16.Qxe4 Qe7 17.a3 Nf8 18.Qg4 Nd7 19.Qxg7 O-O-O 20.Qg4 Kb8 21.Qe4 Rhg8 22.Kf1 Nc5
23.Qc2 Rg4 24.g3 f5 25.Ba2 f4 26.gxf4 exf4 27.Re1 fxe3 28.Rxe3 Qf7 29.Ne5 Bxe5
30.Bxe5 Bxd5 31.Qxc5 Bxa2 32.Qb6+ Kc8 33.Qxa6+ Kb8 34.Qxb5+ Kc8 35.Qa6+ Kb8
36.Qb5+  1/2-1/2

[Event "FSIM March"]
[Site "Budapest HUN"]
[Date "2008.03.12"]
[Round "11"]
[White "Porat,Ma"]
[Black "Gara,A"]
[Result "0-1"]
[WhiteElo "2190"]
[BlackElo "2325"]

1.d4 d5 2.c4 Nc6 3.cxd5 Qxd5 4.e3 e5 5.Nc3 Bb4 6.Bd2 Bxc3 7.Bxc3 exd4 8.Ne2 Nf6
9.Nxd4 O-O 10.Nxc6 Qxc6 11.Qf3 Ne4 12.Bd3 Nxc3 13.Qxc6 bxc6 14.bxc3 Rb8 15.O-O-O Re8
16.Rd2 Be6 17.Rb2 a5 18.Kc2 Rxb2+ 19.Kxb2 Rb8+ 20.Ka3 Rd8 21.Rd1 Kf8 22.Bc2 Rb8
23.Rb1 Rb5 24.Bb3 c5 25.Rd1 c4 26.Ba4 Rh5 27.h3 Ke7 28.Rd4 Re5 29.Rd2 Rg5
30.Bc6 Rc5 31.Be4 f5 32.Bf3 g5 33.Be2 Bd5 34.g3 Bg2 35.Rd4 Bxh3 36.f4 g4
37.e4 h5 38.e5 Bg2 39.Bxc4 Be4 40.Kb3 h4 41.gxh4 g3 42.e6 Bc6 43.Rd3 g2 44.Rg3 Bf3
45.Rg7+ Kf6 46.Rf7+ Kg6 47.Rf8 Bd1+ 48.Kb2 Rxc4 49.e7 Ba4 50.e8=Q+ Bxe8 51.Rxe8 Kf7
52.Re1 Rxf4 53.Rg1 Rf2+ 54.Kb3 f4 55.h5 f3  0-1

[Event "ch-Siberia"]
[Site "Novokuznetsk RUS"]
[Date "2008.03.21"]
[Round "9"]
[White "Lesin,D"]
[Black "Volodarsk,Y"]
[Result "1-0"]
[WhiteElo "2218"]
[BlackElo "2261"]

1.d4 d5 2.c4 Nc6 3.Nf3 Bg4 4.e3 e5 5.h3 Bh5 6.g4 Bg6 7.Nxe5 Nxe5 8.dxe5 Be4
9.f3 Qh4+ 10.Ke2 Bxb1 11.Rxb1 dxc4 12.Qa4+ c6 13.Qxc4 O-O-O 14.Bd2 h5 15.Be1 Qe7
16.Bg3 Qd7 17.Kf2 hxg4 18.Qxg4 Qxg4 19.fxg4 Bc5 20.Bc4 Ne7 21.Ke2 Bb4 22.Bxf7 Rd2+
23.Kf3 Rf8 24.e6 Rfd8 25.Be1  1-0

[Event "Spring Festival"]
[Site "Budapest HUN"]
[Date "2008.03.22"]
[Round "2"]
[White "Galyas,M"]
[Black "Lyell,M"]
[Result "1-0"]
[WhiteElo "2432"]
[BlackElo "2221"]

1.d4 d5 2.c4 Nc6 3.Nc3 dxc4 4.Nf3 Nf6 5.Bg5 h6 6.Bh4 a6 7.d5 Na5 8.e4 g5
9.Bg3 Bg7 10.Qc2 O-O 11.O-O-O Nd7 12.h4 g4 13.Nd4 Nc5 14.e5 c6 15.dxc6 e6
16.Nf5 Qb6 17.Nxg7 Kxg7 18.h5 Qxc6 19.Rh4 Bd7 20.Rxg4+ Kh8 21.Bh4 f5 22.exf6 Rf7
23.Qg6 Raf8  1-0

[Event "20th Festival"]
[Site "Lenk SUI"]
[Date "2008.03.22"]
[Round "4"]
[White "Cruceli,S"]
[Black "Stankovic,Ze"]
[Result "0-1"]
[WhiteElo "2093"]
[BlackElo "2257"]

1.d4 d5 2.c4 Nc6 3.cxd5 Qxd5 4.e3 e5 5.Nc3 Bb4 6.Bd2 Bxc3 7.Bxc3 exd4 8.Ne2 Nf6
9.Nxd4 O-O 10.Qb3 Nxd4 11.Bxd4 Qg5 12.f4 Qg6 13.Bc4 Ne4 14.Rg1 Bg4 15.h3 Bxh3
16.O-O-O Be6 17.g4 Bxc4 18.Qxc4 c5 19.Be5 Rfd8 20.Rxd8+ Rxd8 21.f5 Qc6 22.g5 b5
23.Qe2 Qd5 24.Bc7 Qxa2 25.Bxd8 Qa1+ 26.Kc2 Qxg1 27.Qxb5 Qf2+ 28.Kb1 Qe1+
29.Ka2 Nc3+ 30.bxc3 Qd2+ 31.Kb3 Qxd8 32.Qxc5 Qb6+ 33.Qxb6 axb6 34.Kc4 h5
35.gxh6 gxh6 36.e4 f6 37.Kd4 Kf7 38.e5 fxe5+ 39.Kxe5 h5  0-1

[Event "Far West Open"]
[Site "Reno USA"]
[Date "2008.03.22"]
[Round "4"]
[White "Strugatsky,V"]
[Black "Straver,E"]
[Result "1/2-1/2"]
[WhiteElo "2400"]
[BlackElo "2357"]

1.d4 d5 2.c4 Nc6 3.Nf3 e5 4.e3 Bg4 5.cxd5 Qxd5 6.Nc3 Bb4 7.Be2 exd4 8.exd4 Bxf3
9.Bxf3 Qc4 10.Qb3 Qxb3 11.Bxc6+ bxc6 12.axb3 Nf6 13.O-O O-O 14.Ra6 Rfb8 15.Rxc6  1/2-1/2

[Event "ch-TUR"]
[Site "Ankara TUR"]
[Date "2008.03.23"]
[Round "1"]
[White "Gurevich,M"]
[Black "Yilmaz,M"]
[Result "0-1"]
[WhiteElo "2607"]
[BlackElo "2288"]

1.d4 d5 2.c4 Nc6 3.Nf3 Bg4 4.Nc3 e6 5.cxd5 exd5 6.Bf4 Bxf3 7.gxf3 Bd6 8.Bg3 Nge7
9.e3 h5 10.a3 h4 11.Bxd6 Qxd6 12.f4 O-O-O 13.Qc2 Kb8 14.O-O-O Rdg8 15.Kb1 g6
16.Na4 Nd8 17.Nc5 Ne6 18.Nd3 f6 19.Bh3 g5 20.Bxe6 Qxe6 21.Rc1 c6 22.Nc5 Qc8
23.fxg5 fxg5 24.Rcg1 g4 25.Nd3 Rh5 26.Ne5 Rhg5 27.Ka2 Nf5 28.Rc1 Nd6 29.Qh7 Qc7
30.Qxc7+ Kxc7 31.Rhg1 Ne4 32.Rc2 R8g7 33.Rxg4 Rxg4 34.Nxg4 Rxg4 35.f3 Rg1
36.fxe4 dxe4 37.Rf2 Re1 38.Rf4 Rxe3 39.Rxh4 Kd6 40.Rh8 Kd5 41.h4 Rh3 42.h5 Kc4
43.h6 Kd3  0-1

[Event "Spring Festival"]
[Site "Budapest HUN"]
[Date "2008.03.24"]
[Round "4"]
[White "Winfridsson,O"]
[Black "Brustkern,J"]
[Result "0-1"]
[WhiteElo "2108"]
[BlackElo "2311"]

1.d4 d5 2.c4 Nc6 3.cxd5 Qxd5 4.e3 e5 5.Nc3 Bb4 6.Bd2 Bxc3 7.bxc3 Nf6 8.Qb3 Qd6
9.Bb5 O-O 10.Nf3 e4 11.Bxc6 bxc6 12.Ne5 Ba6 13.Qa4 c5 14.Qa5 cxd4 15.cxd4 Rfb8
16.Rc1 Rb6 17.Qc3 Qe6 18.Nc6 Qg4  0-1

[Event "Spring Festival"]
[Site "Budapest HUN"]
[Date "2008.03.24"]
[Round "4"]
[White "Lacrosse,M"]
[Black "Juhasz,Kr"]
[Result "0-1"]
[WhiteElo "2259"]
[BlackElo "2106"]

1.d4 d5 2.c4 Nc6 3.Nc3 Nf6 4.Nf3 dxc4 5.Bg5 Bg4 6.d5 Bxf3 7.gxf3 Ne5 8.f4 Ng6
9.f5 Ne5 10.f4 Ned7 11.e4 Nc5 12.Bxc4 c6 13.e5 Nfe4 14.e6 Nd6 15.Qh5 g6 16.exf7+ Kxf7
17.fxg6+ hxg6 18.Qe2 b5 19.Bb3 b4 20.Na4 Nxb3 21.Qe6+ Kg7 22.axb3 cxd5 23.Qxd5 Nf7
24.Qe4 Rc8 25.Rg1 Qd6 26.Rd1 Qc6 27.Qd4+ Kg8 28.f5 Rxh2 29.Bf4 Rh1 30.fxg6 Rxg1+
31.Qxg1 Qe4+ 32.Qe3 Qh1+ 33.Ke2 Rc2+ 34.Rd2 Qg2+ 35.Kd1 Rxd2+ 36.Qxd2 Qxg6
37.Be3 a5 38.Bb6 Qb1+ 39.Ke2 Bh6 40.Qd3 Qh1 41.Qg3+ Kh7 42.Bxa5 Qe4+ 43.Kf1 Qf5+
44.Qf2 Qd3+ 45.Kg2 Qxb3 46.Nc5 Qd5+ 47.Kf1 Qc4+ 48.Kg2 Qd5+ 49.Kf1 Qd1+ 50.Kg2 Qg4+
51.Kf1 Qc4+ 52.Kg2 Nd6 53.Bd8 Qd5+ 54.Kf1 Qd1+ 55.Kg2 Qg4+ 56.Kf1 Nf5 57.Bc7 Be3
58.Qh2+ Kg8  0-1

[Event "Spring Festival"]
[Site "Budapest HUN"]
[Date "2008.03.26"]
[Round "6"]
[White "Papakonstantinou,S"]
[Black "Lyell,M"]
[Result "0-1"]
[WhiteElo "2068"]
[BlackElo "2221"]

1.d4 d5 2.c4 Nc6 3.Nf3 Bg4 4.Nc3 e6 5.Bf4 Bd6 6.Bg5 Be7 7.Bf4 Nf6 8.e3 Nh5
9.h3 Bxf3 10.Qxf3 Nxf4 11.Qxf4 O-O 12.cxd5 Nb4 13.Rc1 Nxd5 14.Nxd5 Qxd5 15.Bc4 Qxg2
16.Ke2 Qg5 17.Qf3 Qf6 18.Qg2 c5 19.Bd3 cxd4 20.Qe4 g6 21.Qxd4 Qxd4 22.exd4 Rac8
23.Be4 b6 24.Bb7 Rcd8 25.Ke3 Bf6 26.Rhd1 Rd7 27.Bc6 Rd6 28.b4 b5 29.Bxb5 Rb8
30.a4 a6 31.Rc6 Rxc6 32.Bxc6 Rxb4 33.d5 e5 34.Ke2 Bd8 35.Rd2 Bb6 36.d6 Kf8
37.f3 Rc4 38.Bd7 Bd4 39.Kd1 Rc5 40.Rc2 Rd5 41.Rc8+ Kg7 42.Rc6 Bc5+ 43.Ke2 a5
44.Ra6 Bxd6 45.Bb5 Bb4 46.Ra7 Rd2+ 47.Kf1 Rf2+ 48.Kxf2 Bc5+ 49.Kg3 Bxa7 50.Bc6 f5
51.Kg2 Kf6 52.Kf1 Kg5 53.Kg2 Kf4 54.Bd5 g5 55.Kf1 h5 56.Kg2 g4 57.fxg4 hxg4
58.h4 e4 59.Kf1 Kf3 60.Bb3 Kg3 61.h5 f4 62.h6 f3 63.Bd5 e3 64.Bc6 e2+  0-1

[Event "Spring Festival"]
[Site "Budapest HUN"]
[Date "2008.03.26"]
[Round "6"]
[White "Kahn,E"]
[Black "Radnai,A"]
[Result "1-0"]
[WhiteElo "2326"]
[BlackElo "2276"]

1.d4 d5 2.c4 Nc6 3.Nc3 dxc4 4.d5 Ne5 5.Qd4 Ng6 6.e4 e5 7.Qxc4 a6 8.a4 Bd6
9.Bd3 Nf6 10.Nge2 Nh5 11.g3 O-O 12.a5 Qe7 13.Be3 Bd7 14.Rb1 Rfc8 15.b4 b5
16.Qb3 Nf6 17.f3 c5 18.dxc6 Be6 19.Nd5 Bxd5 20.exd5 e4 21.fxe4 Nxe4 22.Bxe4 Qxe4
23.O-O Ne5 24.Nd4 Nd3 25.Nf5 Bf8 26.Rbd1 Nxb4 27.Rd4 Qe8 28.Rxb4  1-0

[Event "Spring Festival"]
[Site "Budapest HUN"]
[Date "2008.03.27"]
[Round "7"]
[White "Zentai,P2"]
[Black "Juhasz,Kr"]
[Result "1/2-1/2"]
[WhiteElo "2177"]
[BlackElo "2106"]

1.d4 d5 2.c4 Nc6 3.cxd5 Qxd5 4.e3 e5 5.Nc3 Bb4 6.Bd2 Bxc3 7.bxc3 Nf6 8.f3 exd4
9.cxd4 O-O 10.Qb3 Qd6 11.Bc4 Be6 12.Ne2 Bxc4 13.Qxc4 Nd5 14.O-O Rad8 15.Rab1 Nb6
16.Qb3 Rfe8 17.Ng3 Qe6 18.Rfc1 Qh6 19.Rc2 Qh4 20.Ne4 Rd5 21.Be1 Qe7 22.Bf2 Nd8
23.Qb4 Qxb4 24.Rxb4 c6 25.Nc5 f5 26.a4 Rd6 27.Rb3 Nd5 28.Bg3 f4 29.exf4 b6
30.Ne4 Rd7 31.f5 Nf6 32.Be5 Nxe4 33.fxe4 Nf7  1/2-1/2

[Event "3rd Open"]
[Site "Kolkata IND"]
[Date "2008.03.27"]
[Round "4"]
[White "Babu,NS"]
[Black "Neelotpal,D"]
[Result "1/2-1/2"]
[WhiteElo "2333"]
[BlackElo "2486"]

1.d4 d5 2.c4 Nc6 3.e3 e5 4.dxe5 d4 5.a3 a5 6.Nf3 Bc5 7.exd4 Bxd4 8.Be2 Nge7
9.O-O Nf5 10.Bg5 Qd7 11.Nc3  1/2-1/2

[Event "Spring Festival"]
[Site "Budapest HUN"]
[Date "2008.03.28"]
[Round "8"]
[White "Vereb,G"]
[Black "Brustkern,J"]
[Result "1/2-1/2"]
[WhiteElo "2186"]
[BlackElo "2311"]

1.d4 d5 2.c4 Nc6 3.Nc3 dxc4 4.d5 Ne5 5.Qd4 Ng6 6.Nf3 a6 7.a4 Qd6 8.e4 e5
9.Qxc4 Nf6 10.Be2 Be7 11.O-O O-O 12.Rd1 Qd8 13.a5 Ne8 14.Qb3 Nd6 15.Be3 Kh8
16.Rac1 Bd7 17.Bd3 Bg4 18.Be2 Bd7 19.Bd3 Bg4 20.Be2 Rb8 21.Qc2 Bd7 22.Na4 Bxa4
23.Qxa4 f5 24.exf5 Nxf5 25.Qg4 Nxe3 26.fxe3 e4 27.Qxe4 Bd6 28.Nd4 Qg5 29.Ne6 Qh6
30.g3 Rfe8 31.Rf1 b6 32.Rf5 Nf8 33.Rh5 Qg6 34.Qxg6 Nxg6 35.Bd3 Kg8 36.axb6 Rxb6
37.Bxg6 hxg6 38.Rg5 Rxb2 39.Rxg6 Re7 40.Rf1 a5 41.Rg4 Rd7 42.Ra1 Bb4 43.Rd4 Rf7
44.Nf4 Bc5 45.Rd3 Bb6 46.h4 Re7 47.Raa3 a4 48.Ne6 c6 49.Rxa4 cxd5 50.Nd4 Rf7
51.Ne6 Rff2 52.Ra8+ Kh7 53.Nf4 Rfd2 54.Rxd2 Bxe3+ 55.Kg2 Rxd2+ 56.Kf3 Bxf4  1/2-1/2

[Event "TCh-ISR"]
[Site "Israel ISR"]
[Date "2008.03.28"]
[Round "4"]
[White "Lev,R"]
[Black "Chernomordik,P"]
[Result "1-0"]
[WhiteElo "2427"]
[BlackElo "2279"]

1.d4 d5 2.c4 Nc6 3.Nf3 Bg4 4.Nc3 e6 5.Bg5 Be7 6.Bxe7 Ngxe7 7.e3 O-O 8.Bd3 h6
9.O-O Qd7 10.h3 Bh5 11.Rc1 Rad8 12.cxd5 exd5 13.Be2 Bg6 14.Na4 Qd6 15.Nc5 Rb8
16.Rc3 b6 17.Na6 Rb7 18.Qa4 Rc8 19.Rfc1 Nd8 20.Ne5 Ne6 21.Nxg6 fxg6 22.Nb4 b5
23.Qa5 c5 24.dxc5 Rxc5 25.Rxc5 Nxc5 26.Bf3 Nd7 27.Qd8+ Kf7 28.Nxd5 Nxd5 29.Rd1 Rb8
30.Rxd5 Rxd8 31.Rxd6 Ke7 32.Rxg6 Kf7 33.Ra6 Nc5 34.Rxa7+ Kf6 35.Rc7 Nd3 36.Rb7  1-0